| 000 | 00000nam 2200000zi 4500 |
| 001 | 9.912227 |
| 003 | CaOODSP |
| 005 | 20220809103221 |
| 006 | m o d f |
| 007 | cr cn||||||||| |
| 008 | 220613t20222022quca ob f000 0 fre d |
| 020 | |a9780660440538 |
| 040 | |aCaOODSP|bfre|erda|cCaOODSP |
| 043 | |an-cn--- |
| 086 | 1 |aEn14-493/1-2022F-PDF |
| 245 | 00|aCalculatrice de gaz à effet de serre pour la gestion des déchets organiques : |brapport de méthodologie. |
| 264 | 1|aGatineau (Québec) : |bEnvironnement et changement climatique Canada = Environment and Climate Change Canada, |c[2022] |
| 264 | 4|c©2022 |
| 300 | |a1 ressource en ligne (ii, 47, 8 pages) : |billustrations en couleur |
| 336 | |atexte|btxt|2rdacontent/fre |
| 337 | |ainformatique|bc|2rdamedia/fre |
| 338 | |aressource en ligne|bcr|2rdacarrier/fre |
| 500 | |aPublié aussi en anglais sous le titre : Greenhouse gas calculator for organic waste management : methodology report. |
| 500 | |aLa copie PDF a été remplacée (2022-08-09) par une version modifiée à la demande par l'éditeur. |
| 500 | |a« EC21307. » |
| 504 | |aComprend des références bibliographiques (pages 45-47). |
| 650 | 6|aGaz à effet de serre|zCanada|xMesure|xMéthodologie. |
| 650 | 6|aDéchets organiques|zCanada. |
| 650 | 6|aDéchets|xÉlimination|zCanada. |
| 710 | 1 |aCanada. |bEnvironnement et changement climatique Canada, |eorganisme de publication. |
| 775 | 08|tGreenhouse gas calculator for organic waste management : |w(CaOODSP)9.912226 |
| 856 | 40|qPDF|s2.23 Mo|uhttps://publications.gc.ca/collections/collection_2022/eccc/En14-493-1-2022-fra.pdf |
| 986 | |aEC21307 |